Lettere del Signor Tomaso Costo Scritte à diverfi, cosi da parte d'altri, come sua, in varij soggetti

Gorde:
Xehetasun bibliografikoak
Egile nagusia: Costo, Tomaso (Egilea)
Formatua: Liburua
Hizkuntza:italiera
Argitaratua: Venecia Apresso Barezzo Barezzi, & Compagni 1602
Edizioa:1a. ed
Gaiak:
Etiketak: Etiketa erantsi
Etiketarik gabe, Izan zaitez lehena erregistro honi etiketa jartzen!

MARC

LEADER 00000nam a2200000 a 4500
001 UCJ8436
003 CL-VaPUC
008 070124e16020000IT |||||||||||||||||ita|d
082 0 4 |a 090  |b COS  |2 21 
100 0 |a Costo, Tomaso  |e author  |9 517192 
245 1 0 |a Lettere del Signor Tomaso Costo Scritte à diverfi, cosi da parte d'altri, come sua, in varij soggetti 
250 |a 1a. ed 
300 |a 387 p 
942 |c BK 
945 |d 20070124 00:00:00  |a rinostro 
260 |a Venecia  |b Apresso Barezzo Barezzi, & Compagni  |c 1602 
650 7 |a LIBRO RARO  |2 CL-VaPUC  |9 504169 
650 7 |a GENERO EPISTOLAR  |2 CL-VaPUC  |9 508831 
650 0 |a Cartas  |9 321777 
650 0 |a Redacción   |9 320524 
583 |a last modification  |c 20070124 00:00:00  |k Rodrigo Vera 
999 |c 324154  |d 324152 
952 |0 0  |1 0  |4 0  |6 090_000000000000000_COS_1602  |7 0  |8 X  |9 404095  |a FDOBUD  |b FDOBUD  |d 2019-11-22  |i 1049313  |o 090 COS 1602  |p 1049313  |r 2019-11-22  |w 2019-11-22  |y BK_X  |k BUD